France d'outre-mer - Statistiques

Statistiques générales
  • Ce quiz a été pris 39 fois
  • Le résultat moyen est 10 sur 11
Statistiques - réponses
Statut Chef-lieu Territoire % Correct
Département et région d'outre-mer Basse-Terre Guadeloupe
100%
Département et région d'outre-mer Saint-Denis La Réunion
97%
Collectivité d'outre-mer Marigot Saint-Martin
97%
Département et région d'outre-mer Cayenne Guyane
94%
Département et région d'outre-mer Fort-de-France Martinique
92%
Département et région d'outre-mer Mamoudzou Mayotte
92%
Collectivité sui generis Nouméa Nouvelle-Calédonie
86%
Collectivité d'outre-mer Saint-Pierre Saint-Pierre-et-Miquelon
86%
Collectivité d'outre-mer Papeete Polynésie française
83%
Collectivité d'outre-mer Gustavia Saint-Barthélemy
75%
Collectivité d'outre-mer Mata Utu Wallis-et-Futuna
72%
Aucun quiz correspondant
Distribution des résultats
% des personnes avec chaque résultat
Percentile par nombre de réponses
Votre historique - résultats
Vous n’avez pas pris ce quiz